000 00406nam a2200169Ia 4500
008 230524s9999 xx 000 0 und d
020 _a9788173197819
082 _a4.622
_bLIN
100 _aPeter Linz
245 0 _a"Formal Languages and Automata ,"
250 _a4TH
260 _aNEW DELHI
_bNarosa
_c2009
300 _aXIII;415
500 _aQuantity Number: 5
650 _aComp-Sc
942 _cBK
999 _c48087
_d48087